[Event "Alexander the Great op 5th"]
[Site "Porto Carras"]
[Date "2013.05.08"]
[Round "2"]
[White "Nina, Miguel Angel"]
[Black "Mitrou, Vasiliki"]
[Result "1-0"]
[WhiteElo "2284"]
[BlackElo "1707"]
[PlyCount "67"]
[EventDate "2013.05.07"]
[EventType "swiss"]
[EventRounds "7"]
[EventCountry "GRE"]
[SourceTitle "CBM 154 Extra"]
[Source "ChessBase"]
[SourceDate "2013.06.25"]
[SourceVersion "2"]
[SourceVersionDate "2013.06.25"]
[SourceQuality "1"]

1. d4 Nf6 2. Nf3 e6 3. Bg5 h6 4. Bh4 d5 5. e3 Nbd7 6. Bd3 Bd6 7. Nbd2 0-0 8. 0-0 c5 9. c3 Qc7 10. Rc1 c4 11. Bb1 b5 12. e4 dxe4 13. Nxe4 Nxe4 14. Bxe4 Bb7 15. Qe2 Bxe4 16. Qxe4 Nb6 17. Bg3 Bxg3 18. fxg3 Nd5 19. Ne5 Qe7 20. Rce1 Rac8 21. Rf3 Nf6 22. Qh4 Nd5 23. Qe4 Nf6 24. Qe2 Nd7 25. Ng4 h5 26. Ne3 Qd6 27. g4 hxg4 28. Nxg4 f5 29. Ne5 Rf6 30. Re3 Re8 31. Qh5 Rb8 32. Ng6 Qb6 33. Ne7+ Kf8 34. Nd5 1-0

[Event "GRE-chT 39th"]
[Site "Eretria"]
[Date "2011.07.04"]
[Round "3.4"]
[White "Mitrou, Vasiliki"]
[Black "Alexiou, Dimitra"]
[Result "1-0"]
[WhiteElo "1766"]
[BlackElo "1593"]
[PlyCount "39"]
[EventDate "2011.07.03"]
[EventType "team-swiss"]
[EventRounds "7"]
[EventCountry "GRE"]
[SourceTitle "CBM 143 Extra"]
[Source "ChessBase"]
[SourceDate "2011.08.29"]
[SourceVersion "1"]
[SourceVersionDate "2011.08.29"]
[SourceQuality "1"]
[WhiteTeam "Thessaloniki Galaxias"]
[BlackTeam "Ptolemaida Ptolemaios"]
[WhiteTeamCountry "GRE"]
[BlackTeamCountry "GRE"]

1. e4 e5 2. Bc4 Nc6 3. c3 Bc5 4. Nf3 Nf6 5. d3 d6 6. Nbd2 Be6 7. Bxe6 fxe6 8. Qb3 Qc8 9. Ng5 d5 10. 0-0 0-0 11. h3 Nh5 12. exd5 Nd8 13. dxe6 Be7 14. Nde4 h6 15. Nf3 Nc6 16. Be3 Nf6 17. Nc5 b6 18. Nd7 Kh7 19. Nxf8+ Kg8 20. Ng6 1-0

[Event "GRE-ch U16 Girls"]
[Site "Kallithea"]
[Date "2010.07.02"]
[Round "7"]
[White "Mitrou, Vasiliki"]
[Black "Anastasopoulou, Andrianna"]
[Result "0-1"]
[WhiteElo "1687"]
[BlackElo "1719"]
[PlyCount "54"]
[EventDate "2010.06.26"]
[EventType "swiss"]
[EventRounds "7"]
[EventCountry "GRE"]
[SourceTitle "EXT 2011"]
[Source "ChessBase"]
[SourceDate "2010.11.26"]
[SourceVersion "1"]
[SourceVersionDate "2010.11.26"]
[SourceQuality "1"]

1. e4 d5 2. exd5 Qxd5 3. Nc3 Qa5 4. d4 c6 5. g3 Nf6 6. Bg2 Bf5 7. Nf3 e6 8. 0-0 Bd6 9. Bd2 Qc7 10. Ne2 0-0 11. Bf4 Nbd7 12. Bxd6 Qxd6 13. Nf4 Rad8 14. Nd3 Qc7 15. Qe2 Qb6 16. c3 Bxd3 17. Qxd3 Qxb2 18. Qb1 Qb6 19. a4 Rb8 20. a5 Qc7 21. Qc2 c5 22. Qe2 Nd5 23. Rfc1 Rfc8 24. Ne5 Qd6 25. Rab1 cxd4 26. Nxd7 Qxd7 27. c4 Nc3 0-1

[Event "GRE-ch U16 Girls"]
[Site "Kallithea"]
[Date "2010.06.26"]
[Round "1"]
[White "Mitrou, Vasiliki"]
[Black "Papathanasiou, Aggeliki"]
[Result "0-1"]
[WhiteElo "1687"]
[BlackElo "1893"]
[PlyCount "62"]
[EventDate "2010.06.26"]
[EventType "swiss"]
[EventRounds "7"]
[EventCountry "GRE"]
[SourceTitle "EXT 2011"]
[Source "ChessBase"]
[SourceDate "2010.11.26"]
[SourceVersion "1"]
[SourceVersionDate "2010.11.26"]
[SourceQuality "1"]

1. c4 e5 2. Nc3 Bb4 3. e4 Bxc3 4. bxc3 d6 5. d4 Nc6 6. Nf3 Bg4 7. Be3 Nf6 8. Bd3 Qe7 9. d5 Nb8 10. h3 Bh5 11. Qa4+ Nbd7 12. Rb1 b6 13. Nd2 0-0 14. 0-0 Bg6 15. Qc2 Nh5 16. Nb3 Qh4 17. Qd2 h6 18. f3 Nf4 19. Bxf4 exf4 20. Nd4 Ne5 21. Be2 Bh7 22. Nb5 f5 23. Nxc7 fxe4 24. fxe4 Bxe4 25. Bf3 Bxb1 26. Nxa8 Bd3 27. Be2 Bxe2 28. Qxe2 Rxa8 29. Qe4 Rf8 30. Qe2 Qg3 31. Qe4 Qe3+ 0-1

[Event "Athens Acropolis op-B 24th"]
[Site "Chalkida"]
[Date "2009.08.18"]
[Round "9"]
[White "Mitrou, Vasiliki"]
[Black "Poulos, Georgios"]
[Result "1/2-1/2"]
[WhiteElo "1661"]
[BlackElo "2115"]
[PlyCount "129"]
[EventDate "2009.08.10"]
[EventType "swiss"]
[EventRounds "9"]
[EventCountry "GRE"]
[SourceTitle "CBM 132 Extra"]
[Source "ChessBase"]
[SourceDate "2009.11.03"]
[SourceVersion "1"]
[SourceVersionDate "2009.11.03"]
[SourceQuality "1"]

1. e4 c5 2. Nf3 d6 3. c3 Nf6 4. Bb5+ Bd7 5. Bxd7+ Qxd7 6. d3 Nc6 7. 0-0 g6 8. Re1 Bg7 9. d4 cxd4 10. cxd4 d5 11. e5 Ne4 12. Nbd2 Nxd2 13. Bxd2 0-0 14. Rc1 a5 15. a3 a4 16. Rc5 b6 17. Rc2 Rfc8 18. Qc1 Na5 19. Bxa5 Rxc2 20. Qxc2 Rxa5 21. Rc1 Bh6 22. Rd1 Ra7 23. Rd3 Rc7 24. Rc3 Rxc3 25. Qxc3 Qf5 26. g3 Bc1 27. Qxc1 Qxf3 28. Qc2 b5 29. Qd2 h5 30. Qe3 Qd1+ 31. Kg2 Qc2 32. Qc3 Qe4+ 33. Kg1 h4 34. f3 Qb1+ 35. Kg2 hxg3 36. hxg3 Qd1 37. Qe3 Qc2+ 38. Qf2 Qd3 39. Kg1 Kf8 40. Kg2 Ke8 41. Qf1 Qd2+ 42. Qf2 Qd3 43. Qf1 Qc2+ 44. Qf2 Qc4 45. Qd2 Kd7 46. Kf2 Kc6 47. Qc3 b4 48. Qd2 b3 49. Ke3 Kb5 50. Qd3 f5 51. exf6 exf6 52. Kd2 f5 53. f4 Kc6 54. Qc3 Kd6 55. Qb4+ Kc6 56. Qc3 Kd6 57. Qb4+ Ke6 58. Qc3 Kd6 59. Qb4+ Qxb4+ 60. axb4 Kc7 61. Kc3 Kc6 62. Kd3 Kb6 63. Kd2 Ka6 64. Kd3 Kb5 65. Kc3 1/2-1/2

[Event "Athens Acropolis op-B 24th"]
[Site "Chalkida"]
[Date "2009.08.12"]
[Round "2"]
[White "Kouvatsos, Filippos"]
[Black "Mitrou, Vasiliki"]
[Result "1-0"]
[WhiteElo "2093"]
[BlackElo "1661"]
[PlyCount "143"]
[EventDate "2009.08.10"]
[EventType "swiss"]
[EventRounds "9"]
[EventCountry "GRE"]
[SourceTitle "CBM 132 Extra"]
[Source "ChessBase"]
[SourceDate "2009.11.03"]
[SourceVersion "1"]
[SourceVersionDate "2009.11.03"]
[SourceQuality "1"]

1. d4 Nf6 2. c4 g6 3. Nc3 Bg7 4. e4 d6 5. Nf3 0-0 6. Be2 Nbd7 7. 0-0 e5 8. Be3 exd4 9. Nxd4 Nc5 10. f3 Ne6 11. Qd2 Nxd4 12. Bxd4 Be6 13. Rad1 Nd7 14. Nd5 f5 15. Bxg7 Kxg7 16. Qd4+ Kg8 17. Nf4 Qe7 18. Nxe6 Qxe6 19. c5 Ne5 20. cxd6 cxd6 21. Qxd6 Qxd6 22. Rxd6 fxe4 23. fxe4 Rxf1+ 24. Kxf1 Rf8+ 25. Ke1 Rf4 26. Rd4 Kg7 27. g3 Rf7 28. Rd6 Re7 29. Kd2 Kf7 30. Ke3 Re6 31. Rd2 Kf6 32. b4 Rc6 33. h3 Ke6 34. Kf4 Nf7 35. Bg4+ Kf6 36. e5+ Kg7 37. Rd7 Kf8 38. e6 Nh6 39. e7+ Ke8 40. Rxb7 Nxg4 41. Kxg4 h6 42. Kf4 Ra6 43. Ke5 Rxa2 44. b5 Ra3 45. g4 a6 46. Kf6 Rf3+ 47. Kxg6 axb5 48. Kxh6 Rxh3+ 49. Kg6 b4 50. Rxb4 Kxe7 51. Rf4 Rh4 52. Rf7+ Ke6 53. g5 Rg4 54. Rf2 Ke5 55. Kh6 Rh4+ 56. Kg7 Ke6 57. g6 Rh5 58. Kg8 Ke7 59. g7 Rh3 60. Re2+ Kd7 61. Re5 Kd6 62. Re4 Kd5 63. Re7 Kd6 64. Rf7 Rc3 65. Rf6+ Ke7 66. Rf4 Rh3 67. Re4+ Kd6 68. Kf7 Rf3+ 69. Kg6 Rg3+ 70. Kf6 Kd5 71. Re5+ Kd6 72. Rg5 1-0

[Event "GRE-ch U16 Girls"]
[Site "Kallithea"]
[Date "2009.07.01"]
[Round "9"]
[White "Mitrou, Vasiliki"]
[Black "Pahaki, Hristina Despoina"]
[Result "0-1"]
[WhiteElo "1657"]
[BlackElo "1698"]
[PlyCount "110"]
[EventDate "2009.06.25"]
[EventType "swiss"]
[EventRounds "9"]
[EventCountry "GRE"]
[SourceTitle "EXT 2011"]
[Source "ChessBase"]
[SourceDate "2010.11.26"]
[SourceVersion "1"]
[SourceVersionDate "2010.11.26"]
[SourceQuality "1"]

1. e4 e5 2. Nf3 Nc6 3. Bc4 Be7 4. c3 d6 5. 0-0 Bg4 6. d3 Nf6 7. Be3 0-0 8. h3 Bh5 9. Nbd2 Na5 10. Bb5 a6 11. Ba4 b5 12. Bc2 c5 13. b4 Nb7 14. Qb1 Qc7 15. a4 cxb4 16. Qxb4 bxa4 17. Rxa4 d5 18. Qb2 Bxf3 19. Nxf3 Rfc8 20. c4 d4 21. Bd2 Nc5 22. Raa1 Rcb8 23. Qa2 Rb7 24. Rfb1 Rab8 25. Rxb7 Rxb7 26. Rb1 Nfd7 27. Bc1 f6 28. Nd2 Qb8 29. Ba3 Bf8 30. Nb3 Kh8 31. Rb2 Na4 32. Na5 Rxb2 33. Bxb2 Nxb2 34. Nb3 a5 35. Qxb2 a4 36. Qb1 axb3 37. Bxb3 Nc5 38. Bc2 Qxb1+ 39. Bxb1 g6 40. Kf1 Kg7 41. Bc2 Kf7 42. Ke2 Bh6 43. Kd1 Ke7 44. Ke2 Kd6 45. Kf3 Kc6 46. Kg4 Ne6 47. g3 Kc5 48. Bd1 Kb4 49. Be2 Kc3 50. Kf3 Nc5 51. g4 Nxd3 52. Bxd3 Kxd3 53. c5 Bf8 54. c6 Bd6 55. h4 Kc2 0-1

[Event "GRE-ch U16 Girls"]
[Site "Kallithea"]
[Date "2009.06.27"]
[Round "4"]
[White "Mitrou, Vasiliki"]
[Black "Barbageorgopoulou, Fani"]
[Result "1/2-1/2"]
[WhiteElo "1657"]
[BlackElo "1801"]
[PlyCount "74"]
[EventDate "2009.06.25"]
[EventType "swiss"]
[EventRounds "9"]
[EventCountry "GRE"]
[SourceTitle "EXT 2011"]
[Source "ChessBase"]
[SourceDate "2010.11.26"]
[SourceVersion "1"]
[SourceVersionDate "2010.11.26"]
[SourceQuality "1"]

1. e4 c6 2. d4 d5 3. Nc3 dxe4 4. Nxe4 Bf5 5. Ng3 Bg6 6. Nf3 Nd7 7. h4 h6 8. h5 Bh7 9. Bd3 Bxd3 10. Qxd3 Ngf6 11. Bd2 Qc7 12. 0-0-0 e6 13. Kb1 0-0-0 14. Qe2 Bd6 15. Ne4 Nxe4 16. Qxe4 Nf6 17. Qe2 Rhe8 18. c4 c5 19. Bc3 Kb8 20. Ne5 Ka8 21. g4 cxd4 22. Bxd4 Bxe5 23. Bxe5 Qc6 24. Rxd8+ Rxd8 25. f3 Qd7 26. Kc2 Qa4+ 27. Kb1 Qd7 28. Kc2 Qa4+ 29. Kb1 Qa5 30. Bc3 Qa4 31. b3 Qc6 32. Rc1 Qc5 33. Qb2 Qg5 34. Qe2 Qc5 35. Qb2 Qg5 36. Qe2 Qc5 37. Qb2 Qg5 1/2-1/2